Inside Out Characters - Statistics

General Stats
  • This quiz has been taken 115 times
  • The average score is 7 of 7
Answer Stats
Picture Answer % Correct
Anger
100%
Joy
100%
Sadness
100%
Disgust
97%
Fear
97%
Riley
93%
Bing Bong
82%
No matching quizzes found
Score Distribution
Percent of People with Each Score
Percentile by Number Answered
Your Score History
You have not taken this quiz